[Event "RSA-chT U12"]
[Site "Cape Town"]
[Date "2016.01.06"]
[Round "6.4"]
[White "Samuels, Kieran"]
[Black "Bishop, Jordy"]
[Result "1-0"]
[WhiteElo "1320"]
[BlackElo "998"]
[PlyCount "33"]
[EventDate "2016.01.04"]
[EventType "team-tourn"]
[EventRounds "7"]
[EventCountry "RSA"]
[SourceTitle "CBM 170 Extra"]
[Source "ChessBase"]
[SourceDate "2016.02.25"]
[SourceVersion "1"]
[SourceVersionDate "2016.02.25"]
[SourceQuality "1"]
[WhiteTeam "Western Province"]
[BlackTeam "Buffalo City"]
[WhiteTeamCountry "RSA"]
[BlackTeamCountry "RSA"]

1. e4 e5 2. Nf3 Nc6 3. d4 exd4 4. Bc4 f6 5. Nxd4 Ne5 6. Bb3 Ne7 7. f4 N7c6 8. Nxc6 Nxc6 9. 0-0 Qe7 10. f5 Qxe4 11. Re1 Qe5 12. Rxe5+ Nxe5 13. Bf4 Bd6 14. Bxe5 Bxe5 15. c3 d6 16. Qh5+ Kf8 17. Qf7# 1-0